Statistiques concernant Culture Générale - Série 1089

Cliquez ici pour prendre le quiz!

Statistiques générales

  • Ce quiz a été pris 36 fois
  • Le résultat moyen est 7 sur 10

Statistiques - réponses

Question Réponse % Correct
Dans quel pays trouve-t-on le Fleuve Jaune également appelé "Huang He" ?Chine
100%
Quel sens est touché chez une personne "dure de la feuille" ?ouïe
100%
Dans quelle ville du sud de la France peut-on admirer la basilique Notre-Dame-de-la-Garde ?Marseille
97%
De quel département l'île d'Oléron fait-elle partie ?Charente-Maritime
73%
Quel artiste chante en duo avec Véronique Jannot “Désir désir”, en 1984 ?Laurent Voulzy
61%
Quel mammifère est parfois appelé “veau marin” ?phoque
58%
Quels légumes verts composent la préparation d'un poisson : "à la florentine" ?épinards
55%
Selon l'article 212 du Code civil, les époux se doivent mutuellement respect, fidélité, secours et...assistance
55%
Dans quel club de football britannique évoluent les joueurs surnommés les "Red Devils" ?Manchester United
48%
A quel groupe de hard-rock suédois doit-on le tube "The Final Countdown" en 1986 ?Europe
24%

Distribution des résultats

Percentile par nombre de réponses

% des personnes avec chaque résultat

Votre développement - résultats

Vous n’avez pas pris ce quiz